LEADER 00967nam0-22002891i-450- 001 990006574820403321 005 20001010 035 $a000657482 035 $aFED01000657482 035 $a(Aleph)000657482FED01 035 $a000657482 100 $a20001010d--------km-y0itay50------ba 101 0 $aita 105 $ay-------001yy 200 1 $aLimiti e natura dell'attivitą amministrativa rispetto alla tutela costituzionale della corrispondenza$fAchille Chiappetti. 210 $aS.Maria Capua Vetere$cs.e.$ds.d. 215 $a3-17 p., 22 cm 300 $a"Estratto da: 'Rivista di Polizia', (1969), n. 8-9" 700 1$aChiappetti,$bAchille$0145546 801 0$aIT$bUNINA$gRICA$2UNIMARC 901 $aBK 912 $a990006574820403321 952 $aBUSTA I G 171$b10721$fFSPBC 959 $aFSPBC 996 $aLimiti e natura dell'attivitą amministrativa rispetto alla tutela costituzionale della corrispondenza$9623927 997 $aUNINA DB $aGEN01